000 00380nam a2200121Ia 4500
008 220901s9999||||xx |||||||||||||| ||und||
082 _a621.3815 KHA
100 _aKhari, Abu, A
245 0 _aInternational journal of microcircuits and electronic
250 _aVol. 1 Issue No. 1,2 & 3
260 _bInternational Research Publication House
_c2010
650 _aElectronics circuits
999 _c193654
_d193654